Giáo trình nhập môn cơ sở dữ liệu

Đã lưu trong:
书目详细资料
主要作者: Phương Lan
格式: 图书
语言:Undetermined
出版: Hà Nội Lao động - Xã hội 2006
主题:
标签: 添加标签
没有标签, 成为第一个标记此记录!
Thư viện lưu trữ: Trung tâm Học liệu Trường Đại học Cần Thơ
LEADER 00556nam a2200193Ia 4500
001 CTU_112295
008 210402s9999 xx 000 0 und d
020 |c 35000 
082 |a 005.74 
082 |b Ph561 
100 |a Phương Lan 
245 0 |a Giáo trình nhập môn cơ sở dữ liệu 
245 0 |c Phương Lan 
260 |a Hà Nội 
260 |b Lao động - Xã hội 
260 |c 2006 
650 |a Database management,Database design 
904 |i Minh 
980 |a Trung tâm Học liệu Trường Đại học Cần Thơ